000 00307nam a2200121Ia 4500
008 190216s9999||||xx |||||||||||||| ||und||
100 _aVishnu Narayanan Namboothiri
245 0 _aUjjayiniyile Rappakalukal
260 _bUniversity Of Calicut
_c1996
300 _a125p
650 _aKavithakal
942 _cBK
999 _c29883
_d29883